000 00242nam a22001217a 4500
008 180302b xxu||||| |||| 00| 0 eng d
041 _aeng
080 _a51
100 _a36
101 _aMAT
245 _aMATH 87
_cHake,S
942 _2udc
_cBK
999 _c44015
_d44015